|
|
|
|
| LEADER |
01450nam a2200325 a 4500 |
| 001 |
000025653 |
| 003 |
CZ BrMZK |
| 005 |
20140527111750.0 |
| 007 |
ta |
| 008 |
950707s1989 xr ab f cze d |
| 015 |
|
|
|a cnb000056010
|
| 020 |
|
|
|a 80-7011-011-2
|q (Váz.) :
|c 30 Kčs
|
| 035 |
|
|
|a (OCoLC)39414364
|
| 040 |
|
|
|a BOA001
|b cze
|
| 080 |
9 |
|
|a 912
|
| 080 |
9 |
|
|a 930.9
|
| 245 |
0 |
0 |
|a Kapesní atlas světových dějin :
|b 1. a 2. díl /
|c odborný obsah map zpracovali Petr Cafourek a Jindřich Švestka
|
| 250 |
|
|
|a 2. společné vyd.
|
| 260 |
|
|
|a Praha :
|b Geodetický a kartografický podnik,
|c 1989
|
| 300 |
|
|
|a 66 s. :
|b 172 s. barev. map ;
|c 17 cm
|
| 504 |
|
|
|a Obsahuje bibliografii a rejstříky
|
| 700 |
1 |
|
|a Švestka, Jindřich
|7 jk01131934
|4 com
|
| 700 |
1 |
|
|a Cafourek, Petr
|7 jk01020515
|4 com
|
| 856 |
4 |
1 |
|u https://www.digitalniknihovna.cz/mzk/uuid/uuid:5a295270-8521-11e4-a0ea-005056827e52
|y Digitalizovaný dokument
|x NDK
|
| 910 |
|
|
|a BOA001
|b PK-A-0019.536
|b TK-0243.395,1
|b 1-0954.340
|
| 990 |
|
|
|a BK
|
| 996 |
6 |
|
|b 2610592399
|c 1-0954.340
|l MZK
|r Sklad / do 1 hodiny
|n 0
|p dar
|w 000025653
|u 000040
|a 1
|e BOA001
|j MZK50
|s P
|
| 996 |
7 |
|
|b 2619995474
|c 1-0954.340
|l MZK
|r Sklad / do 1 hodiny
|n 16
|w 000025653
|u 000030
|a 1
|e BOA001
|j MZK50
|s A
|
| 996 |
7 |
|
|b 2629968915
|c TK-0243.395,1
|l MZK
|r Sklad / do 24 hodin
|n 17
|w 000025653
|u 000020
|a 1
|e BOA001
|j MZK50
|s A
|
| 996 |
7 |
|
|b 3119995955
|c PK-A-0019.536
|l MZK
|r Sklad / do 1 hodiny
|n 24
|w 000025653
|u 000010
|a 1
|e BOA001
|j MZK50
|s A
|